000 00900nam a2200265 i 4500
003 DO-SdBNP
005 20250611150003.0
007 ta
008 250611b dr ||||| |||| 00| 0 spa d
040 _aDO-SdBNP
_bspa
_cBNPHU
_erda
041 _aspa
082 4 _axxx
_bxxx
_222
245 0 0 _aMujer y legislación en República Dominicana /
_ccompilación, Isaolym Mieses ; colaboración, Miriam Germán ; edición, Sagrada Bujosa Mieses
264 1 _aSanto Domingo :
_bCIPAF,
_c1994.
300 _a26 páginas ;
_c23 cm.
336 _atexto
_btxt
_2rdacontent
337 _asin mediación
_bn
_2rdamedia
338 _avolumen
_bnc
_2rdacarrier
590 _aInventariado, 2025/BT
700 1 _aMieses, Isaolym,
_ecompilador
_4comp.
_988071
700 1 _4col.
_aGermán, Miriam,
_ecolaborador
_931107
700 1 _4ed.
_aBujosa Mieses, Sagrada,
_eeditor
_985508
910 _abtavárez
942 _2ddc
_cLF2
999 _c59237
_d59237